| 000 | 00362nam a2200121 4500 | ||
|---|---|---|---|
| 005 | 20260414094833.0 | ||
| 008 | 260414b |||||||| |||| 00| 0 eng d | ||
| 100 | _aNoakes G.R and Harris B.K | ||
| 245 |
_aFoundations of Physics _cG.R. Noakes and B.K Harris |
||
| 260 |
_aLondon; _bMacmillan Education Ltd; _c1969 |
||
| 300 |
_axv,653p.ill _c24.5cm |
||
| 942 |
_2lcc _n0 _cBK |
||
| 999 |
_c219 _d219 |
||